=LDR 00000nam 2200000 4500 =001 INLIS000000000004910 =005 20181113101559 =035 ##$$a 0010-061300000004910 =008 181113###########################0#ind## =041 ##$$a Ind =082 ##$$a 790 =090 ##$$a 790, Pat p =100 ##$$a PATTY, Albertus M =245 1#$$a Permainan untuk segala usia /$c oleh Albertus M. Patty =260 ##$$a Jakarta :$b Gunung Mulia,$c 1992 =300 ##$$a xiii, 176 hlm. ; $c 21 cm =650 ##$$a Permainan =850 ##$$a NBPNMAT =020 ##$$a 979-415-526-8 =084 ##$$a 790 PAT p =990 ##$$a 37.328/Pb.91 =990 ##$$a 46.996 - 46.997/Pro.92 =990 ##$$a 58.698/Pro.93 =990 ##$$a DW00018863